Olympics medal table - London 2012 - Statistics

General Stats
  • This quiz has been taken 55 times
  • The average score is 9 of 10
Answer Stats
Gold Silver Bronze Total Nation % Correct
38 29 22 89 China
100%
46 29 29 104 United States
100%
29 17 19 65 Great Britain
98%
23 24 33 80 Russia
98%
8 17 12 37 Australia
94%
11 19 14 44 Germany
94%
7 14 17 38 Japan
94%
11 11 12 34 France
92%
8 9 11 28 Italy
92%
13 8 7 28 South Korea
80%
No matching quizzes found
Score Distribution
Percent of People with Each Score
Percentile by Number Answered
Your Score History
You have not taken this quiz